<?xml version="1.0" encoding="UTF-8"?><?xml-stylesheet type="text/xsl" href="static/style.xsl"?><OAI-PMH xmlns="http://www.openarchives.org/OAI/2.0/" xmlns:xsi="http://www.w3.org/2001/XMLSchema-instance" xsi:schemaLocation="http://www.openarchives.org/OAI/2.0/ http://www.openarchives.org/OAI/2.0/OAI-PMH.xsd"><responseDate>2026-06-05T20:37:36Z</responseDate><request verb="GetRecord" identifier="oai:riuma.uma.es:10630/27680" metadataPrefix="marc">https://riuma.uma.es/rest/oai/request</request><GetRecord><record><header><identifier>oai:riuma.uma.es:10630/27680</identifier><datestamp>2026-02-03T12:17:52Z</datestamp><setSpec>com_10630_2254</setSpec><setSpec>col_10630_37959</setSpec></header><metadata><record xmlns="http://www.loc.gov/MARC21/slim" xmlns:dcterms="http://purl.org/dc/terms/" xmlns:doc="http://www.lyncode.com/xoai" xmlns:xsi="http://www.w3.org/2001/XMLSchema-instance" xsi:schemaLocation="http://www.loc.gov/MARC21/slim http://www.loc.gov/standards/marcxml/schema/MARC21slim.xsd">
   <leader>00925njm 22002777a 4500</leader>
   <datafield ind2=" " ind1=" " tag="042">
      <subfield code="a">dc</subfield>
   </datafield>
   <datafield ind2=" " ind1=" " tag="720">
      <subfield code="a">Triano Cornejo, Ana</subfield>
      <subfield code="e">author</subfield>
   </datafield>
   <datafield ind2=" " ind1=" " tag="720">
      <subfield code="a">Ruiz-Sinoga, José Damián</subfield>
      <subfield code="e">author</subfield>
   </datafield>
   <datafield ind2=" " ind1=" " tag="260">
      <subfield code="c">2023</subfield>
   </datafield>
   <datafield ind2=" " ind1=" " tag="520">
      <subfield code="a">Esta comunicación se centra en el análisis de los riesgos del agua más destacables vinculados con los eventos pluviométricos extremos o por las modificaciones en el ciclo del agua junto con el cambio en los patrones climáticos, resultado de un incremento de la erosión en dos cuencas mediterráneas, durante estos últimos 30 años hasta la actualidad.&#xd;
Para ello, se han analizado los cambios de usos del suelo y sus implicaciones ambientales y ecogeomorfológicas en varias cuencas hidrográficas del mediterráneo, en Málaga. Dichas cuencas se enmarcan en una zona muy intrincada con fuertes pendientes, cercanía al mar y una litología muy erosionable, compuesta por materiales paleozoicos. También se han considerado sus características climáticas y su proximidad a ámbitos turísticos de la Costa del Sol, ya que es un espacio muy codiciado tanto por el sector turístico como por las actividades agrarias. Para abordar este estudio se ha utilizado una metodología basada en técnicas geomáticas, SIG, análisis de imágenes satelitales y manejo de bases de datos climáticos. Los resultados demuestran la afección en los procesos geomorfológicos tras los cambios de los usos del suelo hacia una agricultura más competitiva pero dependiente de unos recursos hídricos muy variables.</subfield>
   </datafield>
   <datafield ind1="8" ind2=" " tag="024">
      <subfield code="a">https://hdl.handle.net/10630/27680</subfield>
   </datafield>
   <datafield tag="653" ind2=" " ind1=" ">
      <subfield code="a">Erosión - Mediterráneo (Región)</subfield>
   </datafield>
   <datafield tag="653" ind2=" " ind1=" ">
      <subfield code="a">Suelos - Geografía - Mediterráneo (Región)</subfield>
   </datafield>
   <datafield tag="653" ind2=" " ind1=" ">
      <subfield code="a">Inundaciones - Mediterráneo (Región)</subfield>
   </datafield>
   <datafield ind2="0" ind1="0" tag="245">
      <subfield code="a">Implicaciones geomorfológica de los cambios de uso en cuencas mediterráneas.</subfield>
   </datafield>
</record>
</metadata></record></GetRecord></OAI-PMH>